| 000 | 00748nam a22002057a 4500 | ||
|---|---|---|---|
| 999 |
_c19197 _d19197 |
||
| 003 | AR-CdUCM | ||
| 008 | 190516b ||||| |||| 00| 0 spa d | ||
| 040 |
_aMUNICIPALIDAD PROVINCIAL DEL CUSCO _cBIBLIOTECA MUNICIPAL DEL CUSCO |
||
| 082 |
_24ed. _a347.682 / _bR93 |
||
| 100 |
_aRuiz Guiñazu, Enrique _940389 |
||
| 245 | _aLa quiebra en el derecho comercial Argentino / | ||
| 260 |
_aBuenos Aires : _bAmérica Unida, _c1926. |
||
| 300 |
_a399 paginas ; _c23 cm. |
||
| 505 | _aContenido :La reforma --La legislación extranjera a base de la reforma --Juicio de quiebra --Convocación de acreedores ... | ||
| 650 |
_aLegislación _92962 |
||
| 650 |
_aDerecho _9739 |
||
| 650 |
_aQuiebra _99061 |
||
| 942 |
_2ddc _cLIBROS |
||
| 945 |
_arjall _d2019-05-16 |
||